Vista normal
Vista MARC
Entrada Nombre personal
Número de registros utilizados en: 1
001 - NÚMERO DE CONTROL
- Campo de control: 44713
003 - IDENTIFICADOR DE NÚMERO DE CONTROL
- Campo de control: OSt
005 - FECHA Y HORA DE LA ULTIMA MODIFICACION
- Campo de control: 20210215151931.0
008 - ELEMENTOS DE DATOS DE LONGITUD FIJA
- Campo de longitud fija: 210215|| aca||aabn | a|a d
040 ## - FUENTE DE LA CATALOGACIÓN
- Agencia original de catalogación: OSt
100 1# - ENCABEZAMIENTO--NOMBRE DE PERSONA
- Nombre personal: Sánchez Valladares, Emerson Omar
670 ## - FUENTE DE DATOS ENCONTRADOS
- Fuente de citación: Investigación, Diagnóstico administrativo operativo para mejorar la imagen corporativa en Alice's Salón
670 ## - FUENTE DE DATOS ENCONTRADOS
- Fuente de citación: BMC.- 15-02-2021